00799nam a2200265Ia 4500003000900000005001700009008004100026040001300067040001300080041000800093100002800101245002000129247003700149250001100186260001700197260000900214300001100223490001300234490000800247500002900255600002000284942001200304999001700316952020000333IT-RoPAU20220918175545.0120407s9999 xx 000 0 und d aIT-RoPAU cIT-RoPAU aita aCay Bruno Lussac913266 aUn prete muore. aTit. orig. La mort d'un prè€tre aTorino aTorinobSAIE c1954 c 21 cm aUniversa v110 aTraduzione di Carla Gaja aRomanzo.913267 cBK2ddc c18536d18536 00102ddc406808_17100000000000071aPAULUSbPAULUSd2012-04-11l0o808.1710r2012-04-11 00:00:00w2012-04-11yBKzInserito da: Jole In data: 15 settembre 2011 fondo: Via A.Severo 56 Progr:36017